000 00402nam a22001337a 4500
003 SGT
020 _a9788173093302
082 _a891.4309
_bB11S
100 _aसिंघवी, लक्ष्मिमत्ल
245 _aभारत आज़ादी और संस्कृति
260 _bसस्ता साहित्य मंडल
_c2011
300 _a152
942 _2ddc
_cBK
999 _c30148
_d30148